| 000 | 01037nam0a22002531 4500 | ||
|---|---|---|---|
| 001 | rc\798381 | ||
| 005 | 20041129090648.5 | ||
| 035 | _a(NLR Aleph) 005982652 | ||
| 090 |
_a7044814 _c7044814 |
||
| 100 | _a20041129d1984 u |0rusy50 ca | ||
| 101 | 0 | _arus | |
| 102 | _aRU | ||
| 105 | _aa ||||||||| | ||
| 200 | 1 |
_aСовершенствование технической эксплуатации перегрузочного оборудования морских портов _eУчеб. пособие |
|
| 210 |
_aОдесса _cИПК ММФ _d1984 |
||
| 215 |
_a32 с., 1 л. отд. ил. _cил. _d22 |
||
| 300 | _aВ надзаг.: М-во мор. флота, Ин-т повышения квалификации руководящих работников и специалистов | ||
| 320 | _aБиблиогр.: с. 31 (5 назв.) | ||
| 700 | 1 |
_aКрисарь _bЭ. Г. _gЭдуард Георгиевич |
|
| 801 | 0 |
_aRU _bNLR _gpsbo |
|
| 801 | 1 |
_aRU _bELAR _2rusmarc |
|
| 852 |
_aNLR _j85-6/4364 |
||
| 942 | _cBOOK | ||
| 980 | _aNB | ||